| Tag |
First Indicator |
Second Indicator |
Subfields |
| LEADER |
00000cam a2200000 i 4500 |
| 001 |
in00004600313 |
| 008 |
800813s1715 enk 000 0 eng |
| 005 |
20221118224329.4 |
| 010 |
|
|
|a 04012500
|
| 035 |
|
|
|a (OCoLC)ocm06616654
|
| 035 |
|
|
|a (OCoLC)ocm06616654
|
| 040 |
|
|
|a DLC
|b eng
|c CFI
|d OCLCQ
|d CLU
|d OCLCQ
|d OCLCF
|d OCLCQ
|d GZM
|d NZ1
|d PAU
|d OCLCO
|d TXA
|
| 035 |
|
|
|a (OCoLC)6616654
|
| 041 |
1 |
|
|a eng
|h fre
|
| 043 |
|
|
|a e-fr---
|
| 050 |
0 |
4 |
|a DC167.5
|b .R41
|
| 082 |
0 |
4 |
|a 364.944
|b R415
|
| 090 |
|
|
|a DC167.5
|b .R41 1715
|
| 100 |
1 |
|
|a Renneville, Constantin de,
|d approximately 1650-1723.
|
| 240 |
1 |
0 |
|a Inquisition françoise, ou, L'histoire de la Bastille.
|k Selections.
|l English
|
| 245 |
1 |
4 |
|a The French inquisition;
|b or, The history of the Bastille in Paris, the state-prison in France; in which is an account of the manner of the apprehending of persons sent thither; and of the barbarous usage they meet with there. As also an account of the lewd lives and strange adventures of several prisoners, but more particularly of some priests /
|c Written by Constantin de Renneville, who was a prisoner there eleven years. Translated from the original printed at Amsterdam.
|
| 246 |
3 |
0 |
|a History of t he Bastille in Paris, the state-prison in France.
|
| 246 |
1 |
8 |
|a History of t he Bastille
|5 TXA
|
| 264 |
|
1 |
|a London :
|b A. Bell, .. T. Varnham, and J. Osborne, ... and J. Baker,
|c 1715.
|
| 300 |
|
|
|a 2 preliminary leaves, 322 pages, 2 unnumbered pages ;
|c 20 cm
|
| 336 |
|
|
|a text
|b txt
|2 rdacontent
|
| 337 |
|
|
|a unmediated
|b n
|2 rdamedia
|
| 338 |
|
|
|a volume
|b nc
|2 rdacarrier
|
| 546 |
|
|
|a Translation of the first vol. only of the original L'inquisition françoise; ou, L'histoire de la Bastille
|
| 500 |
|
|
|a Signatures: A2 B-X8 Y2.
|
| 500 |
|
|
|a Head-piece; initial.
|
| 500 |
|
|
|a Title within a double-ruled border.
|
| 500 |
|
|
|a A variant has "Osborn" in the imprint.
|
| 500 |
|
|
|a With a final leaf of advertisements.
|
| 500 |
|
|
|a The Cushing Library/Rare Books copy was acquired as part of the Lois Goddard Morrison Collection of Eighteenth Century Literature.
|5 TXA
|
| 510 |
4 |
|
|a English short title catalogue,
|c N31742
|
| 610 |
2 |
0 |
|a Bastille
|v Early works to 1800.
|
| 650 |
|
0 |
|a Prisoners
|z France
|x History
|y 18th century.
|
| 650 |
|
0 |
|a Prisoners
|z France
|v Early works to 1800.
|
| 610 |
2 |
7 |
|a Bastille.
|2 fast
|0 (OCoLC)fst00511578
|
| 630 |
0 |
4 |
|a 1715.
|
| 655 |
|
7 |
|a Bookseller's advertisements
|z England
|z London
|y 1715.
|2 rbgenr
|
| 655 |
|
7 |
|a Bookplates (Provenance)
|2 rbprov
|
| 655 |
|
7 |
|a Presentation copies (Provenance)
|2 rbprov
|
| 700 |
1 |
|
|a Taylor, William,
|d -1723,
|e bookseller.
|
| 700 |
1 |
|
|a Bell, Andrew,
|d -1720?,
|e bookseller.
|
| 700 |
1 |
|
|a Baker, John,
|d active 1680-1717,
|e bookseller.
|
| 700 |
1 |
|
|a Firth, C. H.
|q (Charles Harding),
|d 1857-1936.
|
| 710 |
2 |
|
|a T. Varnam and J. Osborn,
|e bookseller.
|
| 740 |
0 |
|
|a Histoire de la Bastille.
|
| 029 |
1 |
|
|a NZ1
|b 551567
|
| 994 |
|
|
|a Z0
|b TXA
|
| 948 |
|
|
|h HELD BY TXA - 16 OTHER HOLDINGS
|
| 999 |
f |
f |
|s 9ec80249-ee0f-43aa-9204-cb4cd66f7844
|i e25e2a08-ce32-426d-8870-174245c6d353
|t 0
|
| 952 |
f |
f |
|p noncirc
|a Texas A&M University
|b College Station
|c Cushing Memorial Library & Archives
|d Cushing: Rare Books (Does not check out)
|t 0
|e DC167.5 R41 1715
|h Library of Congress classification
|i unmediated -- volume
|m A1485294568J
|
| 998 |
f |
f |
|a DC167.5 R41 1715
|t 0
|l Cushing: Rare Books (Does not check out)
|